formule 1 : Les vainqueurs de leur GP national - Statistiques

Statistiques générales
  • Ce quiz a été pris 240 fois
  • Le résultat moyen est 20 sur 35
Statistiques - réponses
Circuit nombre de victoires Année de dernière victoire Pilote % Correct
Grande-Bretagne 8 2021 Lewis Hamilton
99%
Pays-bas 3 2023 Max Verstappen
95%
Monaco 1 2024 Charles Leclerc
94%
France 6 1993 Alain Prost
93%
Brésil 2 1991 Ayrton Senna
91%
Allemagne 4 2006 Michael Schumacher
89%
Allemagne 1 2001 Ralf Schumacher
89%
Espagne 2 2013 Fernando Alonso
86%
Allemagne 1 2013 Sebastian Vettel
81%
Argentine 4 1957 Juan Manuel Fangio
77%
Allemagne 1 2014 Nico Rosberg
75%
Brésil 2 2008 Felipe Massa
72%
Canada 1 1978 Gilles Villeneuve
67%
Brésil 2 1986 Nelson Piquet
66%
Autriche 1 1984 Niki Lauda
66%
Italie 2 1952 Alberto Ascari
65%
Grande-Bretagne 1 1994 Damon Hill
64%
Grande-Bretagne 4 1992 Nigel Mansell
62%
Brésil 2 1974 Emerson Fittipaldi
54%
Italie 1 1950 Giuseppe Farina
53%
Grande-Bretagne 2 1971 Jackie Stewart
49%
Grande-Bretagne 5 1967 Jim Clark
48%
Grande-Bretagne 1 1977 James Hunt
44%
Etats-Unis 1 1977 Mario Andretti
43%
Afrique du Sud 1 1975 Jody Scheckter
42%
Grande-Bretagne 2 2000 David Coulthard
39%
France 1 1979 Jean-Pierre Jabouille
33%
France 1 1982 René Arnoux
33%
Grande-Bretagne 2 1957 Stirling Moss
32%
Grande-Bretagne 1 1995 Johnny Herbert
20%
Grande-Bretagne 1 1957 Tony Brooks
15%
Brésil 1 1975 Carlos Pace
14%
Grande-Bretagne 1 1981 John Watson
14%
Grande-Bretagne 1 1958 Peter Collins
12%
Italie 1 1966 Ludovico Scarfiotti
10%
Aucun quiz correspondant
Distribution des résultats
% des personnes avec chaque résultat
Percentile par nombre de réponses
Votre historique - résultats
Vous n’avez pas pris ce quiz